Pays Les Plus Libres Du Monde - Statistiques

Statistiques générales
  • Ce quiz a été pris 140 fois
  • Le résultat moyen est 10 sur 14
Statistiques - réponses
Indice De Liberté Pays % Correct
8.83 Suède
93%
8.76 Norvège
90%
8.85 Finlande
86%
8.85 Canada
84%
8.98 Danemark
83%
8.77 Islande
83%
9.11 Suisse
80%
8.75 Royaume-Uni
69%
8.90 Irlande
68%
8.84 Australie
67%
8.78 Pays-Bas
65%
9.01 Nouvelle-Zélande
58%
8.80 Luxembourg
55%
8.91 Estonie
41%
Aucun quiz correspondant
Distribution des résultats
% des personnes avec chaque résultat
Percentile par nombre de réponses
Votre historique - résultats
Vous n’avez pas pris ce quiz